My mother, the mermaid chaser / (Record no. 129542)
[ view plain ]
| 000 -LEADER | |
|---|---|
| fixed length control field | 01737pam a2200445 i 4500 |
| 001 - CONTROL NUMBER | |
| control field | 1534861748 |
| 003 - CONTROL NUMBER IDENTIFIER | |
| control field | DLC |
| 005 - DATE AND TIME OF LATEST TRANSACTION | |
| control field | 20260118173233.0 |
| 007 - PHYSICAL DESCRIPTION FIXED FIELD--GENERAL INFORMATION | |
| fixed length control field | t| |
| 008 - FIXED-LENGTH DATA ELEMENTS--GENERAL INFORMATION | |
| fixed length control field | 251208s2025 nyu d 000 1 eng |
| 010 ## - LIBRARY OF CONGRESS CONTROL NUMBER | |
| LC control number | 2025038694 |
| 020 ## - INTERNATIONAL STANDARD BOOK NUMBER | |
| International Standard Book Number | 9780593643006 |
| Qualifying information | hardcover |
| 020 ## - INTERNATIONAL STANDARD BOOK NUMBER | |
| International Standard Book Number | 9780593643013 |
| Qualifying information | library binding |
| 020 ## - INTERNATIONAL STANDARD BOOK NUMBER | |
| International Standard Book Number | 9780593643037 |
| Qualifying information | trade paperback |
| 035 ## - SYSTEM CONTROL NUMBER | |
| System control number | (OCoLC)1534861748 |
| 035 90 - SYSTEM CONTROL NUMBER | |
| System control number | (OCoLC)1492480784 |
| 040 ## - CATALOGING SOURCE | |
| Original cataloging agency | DLC |
| Language of cataloging | eng |
| Description conventions | rda |
| Transcribing agency | DLC |
| Modifying agency | DLC-MRC |
| -- | DLC |
| -- | TnLvILS |
| 042 ## - AUTHENTICATION CODE | |
| Authentication code | pcc |
| -- | cyac |
| 043 ## - GEOGRAPHIC AREA CODE | |
| Geographic area code | n-us--- |
| 043 ## - GEOGRAPHIC AREA CODE | |
| Geographic area code | a-vt--- |
| 100 1# - MAIN ENTRY--PERSONAL NAME | |
| Personal name | Hoang, Jamie Jo, |
| Relator term | author. |
| Relator code | aut. |
| -- | http://id.loc.gov/vocabulary/ relators/aut |
| 9 (RLIN) | 42154 |
| 245 10 - TITLE STATEMENT | |
| Title | My mother, the mermaid chaser / |
| Statement of responsibility, etc | Jamie Jo Hoang. |
| 300 ## - PHYSICAL DESCRIPTION | |
| Extent | 384 pages ; |
| Dimensions | 22 cm. |
| 520 ## - SUMMARY, ETC. | |
| Summary, etc | Told in alternating voices, sixteen-year-old Paul travels to Vietnam where he searches for more information about his mother, who made the difficult decision to leave her children after a long struggle with grief and an abusive marriage. |
| 650 #0 - SUBJECT ADDED ENTRY--TOPICAL TERM | |
| Topical term or geographic name as entry element | Mothers and sons |
| Form subdivision | Juvenile fiction. |
| 9 (RLIN) | 9641 |
| 650 #0 - SUBJECT ADDED ENTRY--TOPICAL TERM | |
| Topical term or geographic name as entry element | Missing persons |
| Form subdivision | Juvenile fiction. |
| 650 #0 - SUBJECT ADDED ENTRY--TOPICAL TERM | |
| Topical term or geographic name as entry element | Grief |
| Form subdivision | Juvenile fiction. |
| 650 #0 - SUBJECT ADDED ENTRY--TOPICAL TERM | |
| Topical term or geographic name as entry element | Vietnamese Americans |
| Form subdivision | Juvenile fiction. |
| 650 #1 - SUBJECT ADDED ENTRY--TOPICAL TERM | |
| Topical term or geographic name as entry element | Mothers and sons |
| Form subdivision | Fiction. |
| 650 #1 - SUBJECT ADDED ENTRY--TOPICAL TERM | |
| Topical term or geographic name as entry element | Missing persons |
| Form subdivision | Fiction. |
| 650 #1 - SUBJECT ADDED ENTRY--TOPICAL TERM | |
| Topical term or geographic name as entry element | Grief |
| Form subdivision | Fiction. |
| 650 #1 - SUBJECT ADDED ENTRY--TOPICAL TERM | |
| Topical term or geographic name as entry element | Vietnamese Americans |
| Form subdivision | Fiction. |
| 9 (RLIN) | 38771 |
| 651 #0 - SUBJECT ADDED ENTRY--GEOGRAPHIC NAME | |
| Geographic name | Vietnam |
| Form subdivision | Juvenile fiction. |
| 9 (RLIN) | 39658 |
| 651 #1 - SUBJECT ADDED ENTRY--GEOGRAPHIC NAME | |
| Geographic name | Vietnam |
| Form subdivision | Fiction. |
| 9 (RLIN) | 55541 |
| 655 #7 - INDEX TERM--GENRE/FORM | |
| Genre/form data or focus term | Novels. |
| Source of term | lcgft |
| 655 #7 - INDEX TERM--GENRE/FORM | |
| Genre/form data or focus term | Fiction. |
| Source of term | lcgft |
| 776 1# - ADDITIONAL PHYSICAL FORM ENTRY | |
| Display text | Online version |
| Main entry heading | Hoang, Jamie Jo |
| Title | My mother, the mermaid chaser |
| Place, publisher, and date of publication | New York : Crown Books, 2025 |
| International Standard Book Number | 9780593643020 |
| Record control number | (DLC) 2025038695. |
| 907 ## - LOCAL DATA ELEMENT G, LDG (RLIN) | |
| a | .b513556916 |
| 942 ## - ADDED ENTRY ELEMENTS (KOHA) | |
| Source of classification or shelving scheme | Dewey Decimal Classification |
| Koha item type | Book |
| Withdrawn status | Lost status | Source of classification or shelving scheme | Damaged status | Not for loan | Home library | Current library | Date acquired | Total Checkouts | Full call number | Barcode | Date last seen | Cost, replacement price | Price effective from | Koha item type |
|---|---|---|---|---|---|---|---|---|---|---|---|---|---|---|
| Available | Dewey Decimal Classification | Martha's Vineyard High School Library | Martha's Vineyard High School Library | 01/18/2026 | FIC/HOA | 39844500071301 | 01/18/2026 | 20.00 | 01/18/2026 | Book |
